| 000 | 00706cam a2200205 4500 | ||
|---|---|---|---|
| 005 | 20251007083531.0 | ||
| 008 | 251007b ag |||||||| |||| 00| 0 spa d | ||
| 020 | _a9502008898 | ||
| 050 | 0 | 4 |
_aKHA462.M54 _bS25 1995 |
| 100 | 1 | _aSajón, Rafael | |
| 245 | 1 | 0 |
_aDerecho de menores _c / Rafael Sajón ; colaboración María Angélica Bernard ; prólogo de José Atilio Álvarez |
| 250 | _a1a ed. | ||
| 260 |
_aBuenos Aires : _bAbeledo-Perrot, _c1995 |
||
| 300 |
_a661 p. ; _c23 cm. |
||
| 650 | 4 |
_aNiños _xSituación legal _zArgentina |
|
| 650 | 4 |
_aDerecho de menores _zArgentina |
|
| 700 | 1 |
_aÁlvarez, José Atilio, _eprólogo |
|
| 700 | 1 |
_aBernard, María Angélica, _ecolaborador |
|
| 942 |
_2lcc _cLIB |
||
| 999 |
_c135789 _d135789 |
||